| 000 | 00802nas a2200253 4500 | ||
|---|---|---|---|
| 001 | BR0801373 | ||
| 003 | BR-BrBNA | ||
| 005 | 20231205111652.0 | ||
| 007 | ta | ||
| 008 | 230509b bl.|||p| |||| 00| 00por d | ||
| 040 |
_aBR-BrBNA _bpor _cBiblioteca Nacional de Agricultura |
||
| 041 | _a(Pt) | ||
| 072 | _aL02 | ||
| 100 | 1 | _aAnacleto, T.C.S. | |
| 100 | 1 | _aMarinho Filho, J. | |
| 245 | 1 | _aHábito alimentar do tatu-canastra (Xenarthra, Dasypodidae)em uma área de cerrado do Brasil Central | |
| 650 | _aTATU | ||
| 650 | _aALIMENTAÇÃO | ||
| 650 | _aDISTRIBUIÇÃO GEOGRÁFICA | ||
| 650 | _aBRASIL CENTRAL | ||
| 773 | 0 |
_tRevista Brasileira de Zoologia (Brazil) _xISSN 0101-8175 _g(Sep 2001), v. 18(3) p. 681-688 _wBR0801373 |
|
| 909 |
_a202311 _bLúcia _c55 _dLúcia Elande |
||
| 942 |
_2AGRIS _n0 _cANA |
||
| 999 |
_c193856 _d193856 |
||